| 000 | 00652nam a2200205Ia 4500 | ||
|---|---|---|---|
| 003 | IN-BaIIA | ||
| 008 | 211028s9999 xx 000 0 eng d | ||
| 020 | _a2-86332-058-0 | ||
| 040 | _cIIA Library | ||
| 080 |
_a524.352(082.2) _bSUP |
||
| 245 | 0 |
_aSupernova 1987A,one year later _cedited by M. Greco |
|
| 260 |
_aFrance _bEditions Frontiers _c1988 |
||
| 300 | _ax, 825p. | ||
| 490 | _aLes Rencontres de physique de la Vallee d'Aoste | ||
| 650 | _aAstronomy and Astrophysics Thesaurus | ||
| 650 |
_aSupernova _915816 |
||
| 650 |
_aSupernova 1987A _916332 |
||
| 700 |
_aGreco, M ., ed. _916333 |
||
| 942 | _cBK | ||
| 999 |
_c9678 _d9678 |
||